Design and Validation of the Cyber Sexual Harassment Scale-Professor Student

Young adult females face alarming rates of sexual victimization, with a growing concern about cybersexual harassment in the digital age (prevalence ranging from 4.6% to 70% in university female students), depending on sexual harassment parameters evaluated, different methodologies used, or sample ch...

Descripción completa

Guardado en:  
Detalles Bibliográficos
Autores principales: Pineda-Marín, Claudia (Autor) ; Vallejo-Medina, Pablo (Autor) ; Guillén-Riquelme, Alejandro (Autor) ; Gonzalez-Ferrer, Jenniffer (Autor) ; Montesano, Adrian (Autor)
Tipo de documento: Electrónico Artículo
Lenguaje:Inglés
Publicado: 2026
En: Violence against women
Año: 2026, Volumen: 32, Número: 2, Páginas: 532-544
Acceso en línea: Presumably Free Access
Volltext (lizenzpflichtig)
Verificar disponibilidad: HBZ Gateway
Palabras clave:

MARC

LEADER 00000naa a22000002c 4500
001 1947730371
003 DE-627
005 20260103054831.0
007 cr uuu---uuuuu
008 260103s2026 xx |||||o 00| ||eng c
024 7 |a 10.1177/10778012251319306  |2 doi 
035 |a (DE-627)1947730371 
035 |a (DE-599)KXP1947730371 
040 |a DE-627  |b ger  |c DE-627  |e rda 
041 |a eng 
084 |a 2,1  |2 ssgn 
100 1 |a Pineda-Marín, Claudia  |e VerfasserIn  |0 (orcid)0000-0002-0952-6522  |4 aut 
245 1 0 |a Design and Validation of the Cyber Sexual Harassment Scale-Professor Student 
264 1 |c 2026 
336 |a Text  |b txt  |2 rdacontent 
337 |a Computermedien  |b c  |2 rdamedia 
338 |a Online-Ressource  |b cr  |2 rdacarrier 
520 |a Young adult females face alarming rates of sexual victimization, with a growing concern about cybersexual harassment in the digital age (prevalence ranging from 4.6% to 70% in university female students), depending on sexual harassment parameters evaluated, different methodologies used, or sample characteristics. However, no studies so far assessed the cybersexual harassment from professor to their students. Thus, we developed and validated the Cyber Sexual Harassment Scale-Professor Student (CSHS-PS) to assess virtual sexual harassment by professors towards their students. A sample of 1,249 participants aged 18–40 was used for exploratory and confirmatory factor analyses. The CSHS-PS demonstrated a two-factor structure, capturing “Unwanted Interaction” and “Sharing with Others.” Reliability and validity were confirmed, showing promise for assessing online sexual harassment in academia. This scale contributes to understanding and addressing this prevalent issue, especially among younger women, in educational settings, providing a valuable tool for research and practice. 
650 4 |a Virtual 
650 4 |a Online 
650 4 |a Sexual Victimization 
650 4 |a College 
650 4 |a Sexual Harassment 
700 1 |a Vallejo-Medina, Pablo  |e VerfasserIn  |0 (orcid)0000-0002-8527-1584  |4 aut 
700 1 |a Guillén-Riquelme, Alejandro  |e VerfasserIn  |4 aut 
700 1 |a Gonzalez-Ferrer, Jenniffer  |e VerfasserIn  |0 (orcid)0000-0001-9002-5559  |4 aut 
700 1 |a Montesano, Adrian  |e VerfasserIn  |0 (orcid)0000-0001-9201-8694  |4 aut 
773 0 8 |i Enthalten in  |t Violence against women  |d London [u.a.] : Sage, 1995  |g 32(2026), 2, Seite 532-544  |h Online-Ressource  |w (DE-627)324827695  |w (DE-600)2031375-5  |w (DE-576)27681732X  |x 1552-8448  |7 nnas 
773 1 8 |g volume:32  |g year:2026  |g number:2  |g pages:532-544 
856 |u https://journals.sagepub.com/doi/pdf/10.1177/10778012251319306  |x unpaywall  |z Vermutlich kostenfreier Zugang  |h publisher [deprecated] 
856 4 0 |u https://doi.org/10.1177/10778012251319306  |x Resolving-System  |z lizenzpflichtig  |3 Volltext  |7 1 
935 |a mkri 
951 |a AR 
ELC |a 1 
LOK |0 000 xxxxxcx a22 zn 4500 
LOK |0 001 4838744021 
LOK |0 003 DE-627 
LOK |0 004 1947730371 
LOK |0 005 20260103043604 
LOK |0 008 260103||||||||||||||||ger||||||| 
LOK |0 035   |a (DE-2619)KrimDok#2026-01-02#E476CDE4CF1C5937CC6DB93AA34AD827627AB75B 
LOK |0 040   |a DE-2619  |c DE-627  |d DE-2619 
LOK |0 092   |o n 
LOK |0 852   |a DE-2619 
LOK |0 852 1  |9 00 
LOK |0 935   |a zota 
LOK |0 939   |a 03-01-26  |b l01 
OAS |a 1 
ORI |a SA-MARC-krimdoka001.raw